Top Languages of Newfoundland & Labrador - Statistics

General Stats
  • This quiz has been taken 46 times
  • The average score is 11 of 15
Answer Stats
Number of Speakers Language % Correct
501,135 English
100%
26,130 French
100%
2,085 Spanish
93%
1,090 German
90%
1,565 Hindi
80%
545 Russian
78%
2,195 Arabic
75%
1,810 Tagalog
75%
1,170 Mandarin
73%
1,035 Punjabi
68%
550 Urdu
60%
875 Bengali
55%
515 Persian
53%
1,925 Innu
35%
625 Inuktitut
28%
No matching quizzes found
Score Distribution
Percent of People with Each Score
Percentile by Number Answered
Your Score History
You have not taken this quiz